Представление документа в формате RUSMARC

Поле Инд. ПП Название Значение
Тип записи a
Библиографический уровень a
001 Контрольный номер 71ca50db5626415abfe3bf88009c40c3
005 Дата корректировки 20200407131657.6
100 a Данные общей обработки 20181107 ||| 0rusy0189 ca
101 0_ a Язык текста rus
102 a Страна публикации RU
200 1_ f Первые сведения об ответственности Н.Г. Кулакова, С.А. Буданов
a Заглавие К вопросу о принципе системности уголовно-исполнительного права
b Общее обозначение материала Текст
210 d Дата издания 2017
461 _0 1 2000
a Закон и право
463 _0 1 2000
a №5
v С. 70-72
1 2101
d 2017
1 00191d7ded28eea4f83ae1c9acbbc38d378
606 a Основная рубрика Право. Юридические науки
x Основная подрубрика Уголовное право
610 0_ a Ключевые слова УГОЛОВНО-ИСПОЛНИТЕЛЬНОЕ ПРАВО
a Ключевые слова ПРИНЦИПЫ ПРАВА
700 _1 a Фамилия Кулакова
b Имя Н.Г.
701 _1 a Фамилия Буданов
b Имя С.А.
801 _0 a Страна RU
b Организация РГУП
c Дата составления 20181107
g Правила каталогизации PSBO
801 _1 a Страна RU
b Организация РГУП
c Дата составления 20181107
g Правила каталогизации PSBO
901 t Тип документа b
w Контрольный № источника 91d7ded28eea4f83ae1c9acbbc38d378
905 a Дата ввода 20181107